000 00650nam a2200205 i 4500
001 139218
003 ES-MaACL
005 20250804045300.0
007 t|
008 070214s1966 sp |||| | spa d
100 1 _aSciacca, Michele Federico.
_9104923
245 1 0 _aEstudios sobre filosofía moderna /
_cMichele Federico Sciacca ; [traducción directa por Juan José Ruiz Cuevas].
250 _a1ª ed.
260 _aBarcelona :
_bLuis Miracle,
_c1966.
300 _a540 p. ;
_c22 cm.
650 7 _aFilosofía moderna
_2embne
_9144498
700 1 _aRuiz Cuevas, Juan José.
_9100717
852 _aES-MaACL
_jC-31570
999 _c139218
_d139218